| 000 | 01196 a2200217 4500 | ||
|---|---|---|---|
| 001 | 60930 | ||
| 005 | 20260407155859.0 | ||
| 008 | 260407a1991 arg spa d | ||
| 003 | AR-UNSa-BCEJYS | ||
| 040 |
_aAR-UNSa-BCEJYS _bspa _cAR-UNSa-BCEJYS |
||
| 080 |
_a352 _xNiveles inferiores de la administración. Gobierno local. Administración municipal. Autoridades locales |
||
| 245 | 1 | 0 | _aJusticia municipal y autonomía comunal |
| 020 | _a978-950-9606-19-7 | ||
| 264 | 1 |
_aBuenos Aires : _bAD-HOC _c1991 |
|
| 300 |
_a239 p. _c19 cm. |
||
| 505 | _a1. Introducción - 2. Origen del Municipio - 3. Ambito Nacional - 4. Síntesis de algunas doctrinas nacionales destacables - 5. breve reseña del Municipio en el derecho comparado - 6. Derecho Municipal: su existencia y autonomía - 7. La autonomía Municipal - 8. Las nuevas constituciones provinciales y el municipio - 9. los delitos y las faltas o contraversiones - 10. El Poder Judicial Municipal: su constitucionalidad. Existencia de una jurisdicción autonómica. Introducción - 11. Poder Judicial y Justicia Administrativa - | ||
| 041 | _aspa | ||
| 942 | _cBK | ||
| 590 | _aniveau_biblio:m niveau_hierar:0 | ||
| 100 | 1 | _aLosa, Néstor O. | |
| 999 |
_c7128 _d7128 |
||